000 00935nam a2200181Ia 4500
008 100920s9999 xx 000 0 und d
082 _b69442
_a51 थ 97
100 _aशेवडेगुरुजी रा.वा.
245 _aपद्मभूषण वि.स. खांडेकर दुर्मिळ अश्रू आणि ओघळलेले मोती.
260 _bशिवसंस्कार प्रकाशन, कोल्हापूर.
_c1997
300 _a48
_bसाधी
365 _b12
520 _aचरित्र.
630 _aपद्मभूषण वि.स. खांडेकर दुर्मिळ अश्रू आणि ओघळलेले मोती.
650 _aचरित्र.
730 _aपद्मभूषण वि.स. खांडेकर दुर्मिळ अश्रू आणि ओघळलेले मोती.
942 _cBOOK
999 _c711611
_d711608